000 00430 a2200133 4500
005 20250519105812.0
020 _a0-8213-5892-8
082 _aLECT 340 GER
100 _aGERADIN, D.
245 _aCompetition Law and Regional Economic Integration: An Analysis of the Southern Mediterranean Countries.
260 _aWashington, D. C.
_bThe World Bank,
_c2004.
300 _axi, 94p.; ill.; table.
_bReference.
_c25cm.
942 _2ddc
_cBKS
999 _c2438
_d2438